000
00285nam a22001217a 4500
008
181218b xxu||||| |||| 00| 0 eng d
041
_a
eng
080
_a
038
100
_a
23
101
_a
FJA
245
_a
The New College French & English Dictionary
_c
Steiner,R.J
942
_2
udc
_c
BK
999
_c
53346
_d
53346